Vegetative growth, yield and some chemical constituents in leaves and pods of common bean as affected by salicylic acid and potassium foliar application under different irrigation intervals (Record no. 61210)
[ view plain ]
| 000 -LEADER | |
|---|---|
| fixed length control field | 03753cab a2200349Ia 45 0 |
| 001 - CONTROL NUMBER | |
| control field | u212440 |
| 003 - CONTROL NUMBER IDENTIFIER | |
| control field | SIRSI |
| 008 - FIXED-LENGTH DATA ELEMENTS--GENERAL INFORMATION | |
| fixed length control field | 111120s2015 ua ss b eng d |
| 040 ## - CATALOGING SOURCE | |
| Original cataloging agency | EAL |
| 041 ## - LANGUAGE CODE | |
| Language code of text/sound track or separate title | eng |
| Language code of summary or abstract | ara |
| 090 ## - LOCALLY ASSIGNED LC-TYPE CALL NUMBER (OCLC); LOCAL CALL NUMBER (RLIN) | |
| Classification number (OCLC) (R) ; Classification number, CALL (RLIN) (NR) | ART MUJPP V6 No1 5 |
| 100 1# - MAIN ENTRY--PERSONAL NAME | |
| Personal name | Dawa, K .K. |
| 240 10 - UNIFORM TITLE | |
| Uniform title | Mansoura University journal of plant production, 2015 v. 6 (1) |
| Medium | [electronic resource]. |
| 245 10 - TITLE STATEMENT | |
| Title | Vegetative growth, yield and some chemical constituents in leaves and pods of common bean as affected by salicylic acid and potassium foliar application under different irrigation intervals |
| Medium | [electronic resource]. |
| 246 15 - VARYING FORM OF TITLE | |
| Title proper/short title | النمو الخضرى والمحصول وبعض الصفات الكيميائية للاوراق والقرون الفاصوليا الخضراء تحت تأثير الرش بحامض السالسيليك والبوتاسيوم تحت فترات رى مختلفة. |
| 300 ## - PHYSICAL DESCRIPTION | |
| Extent | P.57-72. |
| 504 ## - BIBLIOGRAPHY, ETC. NOTE | |
| Bibliography, etc. note | Includes references. |
| 520 ## - SUMMARY, ETC. | |
| Summary, etc. | Two field experiments were carried out at a Private Farm located in Salaka village, EI-Mansoura, Egypt, during two successive seasons of 2011/2012.These experiments aimed to study the effect of irrigation intervals and some foliar application treatments ( salicylic acid and potassium) on common bean(Bronco cultivar) vegetative growth parameters (plant height, number of leaves ,fresh and dry weights and leaf area/plant) , yield ( early yield and total yield) , Chemical constituents in leaves(chlorophyll a, b and total, N, P , K and proline content) and Chemical constituents in pods(protein, carbohydrates and sugar content).This study included 15 treatments, which were the combinations between three irrigation intervals (1 0, 13 and 16 days) and five foliar application treatments including control. These treatments were arranged in a split plot in a complete randomized block design with three replicates. The obtained results showed that the mean values of vegetative growth parameters ,yield and Chemical constituents in leaves and pods of common bean plants were reduced due to increasing irrigation intervals up to 16 days during both seasons of study, while proline content increased by increasing irrigation intervals up to 16 days. Generally, results showed that foliar application of Salicylic Acid at 15 and 30 ppm and foliar potassium at 1% and 2% improved all measured traits under both well watered and water stress conditions. The highest significant values of the aforementioned parameters were recorded with spraying plants with Salicylic Acid at 30 ppm and irrigation every 13 days (5 irrigations) followed with salicylic acid at 15 ppm and foliar potassium at 1% and 2% as compared with every 10 or 16 days (4 or 6 irrigations) . However, the highest mean value of leafs proline content was obtained from the plants which irrigated every 16 days. Thus, results signify the role of SA and Kin regulating drought response of plants and suggest that foliar salicylic acid and potassium could be used as a potential growth regulator, for improving common bean growth under water stress conditions. , Keywords: Common bean, Phaseolus vulgaris, Irrigation intervals, Salicylic acid, Potassium and proline. |
| 546 ## - LANGUAGE NOTE | |
| Language note | Summary in Arabic. |
| 596 ## - | |
| -- | 1 |
| 650 #0 - SUBJECT ADDED ENTRY--TOPICAL TERM | |
| Topical term or geographic name entry element | Common bean |
| General subdivision | Irrigation. |
| 650 #0 - SUBJECT ADDED ENTRY--TOPICAL TERM | |
| Topical term or geographic name entry element | Common bean |
| General subdivision | Growth. |
| 650 #0 - SUBJECT ADDED ENTRY--TOPICAL TERM | |
| Topical term or geographic name entry element | Common bean |
| General subdivision | Fertilizers. |
| 650 #0 - SUBJECT ADDED ENTRY--TOPICAL TERM | |
| Topical term or geographic name entry element | Common bean |
| General subdivision | Yields. |
| 650 #0 - SUBJECT ADDED ENTRY--TOPICAL TERM | |
| Topical term or geographic name entry element | Salicylic acid |
| General subdivision | Physiological effect. |
| 650 #0 - SUBJECT ADDED ENTRY--TOPICAL TERM | |
| Topical term or geographic name entry element | Potassium fertilizers. |
| 650 #0 - SUBJECT ADDED ENTRY--TOPICAL TERM | |
| Topical term or geographic name entry element | Proline. |
| 700 1# - ADDED ENTRY--PERSONAL NAME | |
| Personal name | Ahmed, H. M. I. |
| 700 1# - ADDED ENTRY--PERSONAL NAME | |
| Personal name | Fekry, M. H. |
| 773 0# - HOST ITEM ENTRY | |
| Title | Mansoura University Journal of Plant Production. |
| Related parts | 2015.v.6(1) |
| International Standard Serial Number | 2090-3677 |
| Control subfield | nnas |
| Record control number | u183247 |
| 856 40 - ELECTRONIC LOCATION AND ACCESS | |
| Uniform Resource Identifier | <a href="http://nile.enal.sci.eg/EALE/2015/MUJPP/615/1/57.pdf">http://nile.enal.sci.eg/EALE/2015/MUJPP/615/1/57.pdf</a> |
| Public note | Full Text Article. |
| 942 ## - ADDED ENTRY ELEMENTS (KOHA) | |
| Koha item type | Articles |
| Source of classification or shelving scheme | Library of Congress Classification |
No items available.